000 00290nam a22001097a 4500
008 160512b xxu||||| |||| 00| 0 eng d
020 _a0721618170
041 _aeng
080 _a612.39
245 _aNutrition and physical fitness;
_cJean Bogert; George Briggs; Doris Howes;
942 _2udc
_cBK
999 _c2135
_d2135